ბათუმის შოთა რუსთაველის სახელმწიფო უნივერსიტეტის ბიბლიოთეკა

მაჭახელი : (ბიბ.ჩანაწერი № 62754)

000 -LEADER
fixed length control field 01776nam a22001697a 4500
005 - DATE AND TIME OF LATEST TRANSACTION
control field 20250207110441.0
008 - FIXED-LENGTH DATA ELEMENTS--GENERAL INFORMATION
fixed length control field 250207s2017 ge ||||| |||| 00| 0 geo d
022 ## - INTERNATIONAL STANDARD SERIAL NUMBER
International Standard Serial Number 1987-9423
041 ## - LANGUAGE CODE
Language code of text/sound track or separate title geo
245 ## - TITLE STATEMENT
Title მაჭახელი :
Remainder of title სამეცნიერო-პოპულარული და საზოგადოებრივი ჟურნალი : გამოდის ყოველწლიურად /
Statement of responsibility, etc. დამფუძნებელი ხელვაჩაურის მუნიციპალიტეტი; ბათუმის ნიკო ბერძენიშვილის სამეცნიერო-კვლევითი ინსტიტუტი ; შოთა რუსთაველის სახელმწიფო უნივერსიტეტის სამეცნიერო ცენტრის ნიკო ბერძენიშვილის ჰუმანიტარულ და სოციალურ მეცნიერებათა მიმართულება.
260 ## - PUBLICATION, DISTRIBUTION, ETC.
Place of publication, distribution, etc. ბათუმი,
Date of publication, distribution, etc. 2008-
300 ## - PHYSICAL DESCRIPTION
Extent V.
653 ## - INDEX TERM--UNCONTROLLED
Uncontrolled term მაჭახელი
653 ## - INDEX TERM--UNCONTROLLED
Uncontrolled term პერიოდიკა
710 ## - ADDED ENTRY--CORPORATE NAME
Corporate name or jurisdiction name as entry element ბათუმის ნიკო ბერძენიშვილის სამეცნიერო-კვლევითი ინსტიტუტი
Date of meeting or treaty signing შოთა რუსთაველის სახელმწიფო უნივერსიტეტის სამეცნიერო ცენტრის ნიკო ბერძენიშვილის ჰუმანიტარულ და სოციალურ მეცნიერებათა მიმართულება.
9 (RLIN) 24275
942 ## - ADDED ENTRY ELEMENTS (KOHA)
Source of classification or shelving scheme
Koha item type პერიოდიკა
ეგზემპლარები
Withdrawn status Lost status Source of classification or shelving scheme Damaged status Not for loan Permanent Location Current Location Shelving location Date acquired Serial Enumeration / chronology Barcode Date last seen Copy number Uniform Resource Identifier Price effective from Koha item type
          ბათუმის შოთა რუსთაველის სახელმწიფო უნივერსიტეტის მთავარი ბიბლიოთეკა ბათუმის შოთა რუსთაველის სახელმწიფო უნივერსიტეტის მთავარი ბიბლიოთეკა წიგნსაცავი 2025-02-07 #8 2017 81354 2025-02-07 81354 ნაჩუქარი 2025-02-07 პერიოდიკა